000 00225nam a2200097Ia 4500
008 240331s9999 xx 000 0 und d
082 _bJAY
100 _aJayawardena, K
245 0 _aDatter Mary Ratnam :
_ba biography
942 _cL
999 _c1834
_d1834